|
|
|
|
| LEADER |
00000nam a22000007a 4500 |
| 005 |
20130430142433.0 |
| 007 |
cr|||| |||| |
| 008 |
130430e2012 fr |||||s|||| 00||0 fre d |
| 020 |
|
|
|a 9783838170589
|
| 035 |
|
|
|a 10369
|
| 040 |
|
|
|a vLex
|
| 090 |
|
|
|c 4223
|d 4223
|
| 100 |
1 |
0 |
|a Elie, Marie-Pierre
|
| 245 |
1 |
2 |
|a L'environnement
|b dans la jurisprudence de la Cour constitutionnelle italienne
|c / Marie-Pierre Elie
|h [Recurso electrn̤ico]
|
| 256 |
|
|
|a Servicio en ln̕ea
|
| 260 |
|
|
|a Paris :
|b Presses Acadm̌iques Francophones,
|c 2012
|
| 300 |
|
|
|a 1 Recurso electrn̤ico
|
| 506 |
|
|
|d vLex Global
|d vLex Global (Academic Edition, excluding Law Schools)
|d vLex Global (U.S. Academic Edition, Law Schools)
|d vLex Global (U.S. Academic Edition, excluding Law Schools)
|d vLex Global (Academic Edition, Law Schools)
|
| 650 |
0 |
4 |
|a Derecho del medio ambiente
|z Italia
|
| 650 |
0 |
4 |
|a Jurisprudencia
|z Italia
|
| 740 |
|
|
|a vLex Libros (Servicio en ln̕ea)
|
| 856 |
|
|
|a Acceso restringido
|u http://www.vlex.com/source/10369
|
| 942 |
|
|
|c BOOK
|
| 999 |
|
0 |
|a Environmental law
|